| 000 | 00255nam a22001097a 4500 | ||
|---|---|---|---|
| 999 |
_c17237 _d17237 |
||
| 003 | Nust | ||
| 005 | 20170322112952.0 | ||
| 008 | 150407t xxu||||| |||| 00| 0 eng d | ||
| 020 | _a9788126136025 | ||
| 040 | _cASAB | ||
| 082 | _a631 | ||
| 100 |
_a Mangat Rai _9960 |
||
| 245 |
_aBiocontrol of plant disease _cby Mangat Rai |
||
| 260 |
_aNew Delhi _bAnmol Publications pvt. Ltd. _cc2008 |
||
| 300 | _a323 p | ||
| 942 |
_2ddc _cBK |
||